A CENTENARY HISTORY OF THE INDIAN NATIONAL CONGRESS (Record no. 26263)

MARC details
000 -LEADER
fixed length control field 00364nam a22001457a 4500
003 - CONTROL NUMBER IDENTIFIER
control field SGT
020 ## - INTERNATIONAL STANDARD BOOK NUMBER
International Standard Book Number 9788171889150
082 ## - DEWEY DECIMAL CLASSIFICATION NUMBER
Classification number 324.254
Item number A11P
100 ## - MAIN ENTRY--PERSONAL NAME
Personal name PANDE, B.N
245 ## - TITLE STATEMENT
Title A CENTENARY HISTORY OF THE INDIAN NATIONAL CONGRESS
260 ## - PUBLICATION, DISTRIBUTION, ETC. (IMPRINT)
Place of publication, distribution, etc INDIA
Name of publisher, distributor, etc ACADEMIC FOUNDATION
Year of Publication 2011
300 ## - PAGE DESCRIPTION
No. of Pages 645
650 ## - SUBJECT ADDED ENTRY--TOPICAL TERM
Topical term or geographic name as entry element INDIAN POLITICAL PARTIES
942 ## - ADDED ENTRY ELEMENTS (KOHA)
Source of classification or shelving scheme Dewey Decimal Classification
Koha item type Books
Holdings
Withdrawn status Lost status Source of classification or shelving scheme Damaged status Not for loan Home library Current library Shelving location Date acquired Vendor Name Volume Information (Serial or Books or Non-Book Material) SGTU Total Checkouts Full call number Accession No. (Barcode) Date last seen Bill Date Koha item type
    Dewey Decimal Classification   Not For Loan SGT Chancellor's Library SGT Chancellor's Library Reference Book 24/04/2024 SGT CHANCELLOR'S COLLECTION VOL-1 SGTU   324.254 A11P CH487 24/04/2024 24/04/2024 Books
    Dewey Decimal Classification   Not For Loan SGT Chancellor's Library SGT Chancellor's Library Reference Book 24/04/2024 SGT CHANCELLOR'S COLLECTION VOL-2 SGTU   324.254 A11P CH488 24/04/2024 24/04/2024 Books
    Dewey Decimal Classification   Not For Loan SGT Chancellor's Library SGT Chancellor's Library Reference Book 24/04/2024 SGT CHANCELLOR'S COLLECTION VOL-3 SGTU   324.254 A11P CH489 24/04/2024 24/04/2024 Books
    Dewey Decimal Classification   Not For Loan SGT Chancellor's Library SGT Chancellor's Library Reference Book 24/04/2024 SGT CHANCELLOR'S COLLECTION VOL-4 SGTU   324.254 A11P CH490 24/04/2024 24/04/2024 Books